000 005190000a22002170004500
082 _a512
_bM277f
_cCS
518 _a20011228
530 _aM
100 _aMaharjan, H. B.
245 _aFirst course in abstract algebra
260 _aKathmandu
_bRatna Pustak Bhandar, Nepal
260 _c2000
041 _aEng
300 _a177p.
_billus.
500 _aBibliography at the end of the text
650 _aAlgebra
650 _aAlgebraic equations
650 _aMathematics
650 _aGroups
942 _cGEN
999 _c25454
_d25454